Tibet in excile: (Record no. 1435327)

MARC details
000 -LEADER
fixed length control field 00942 a2200253 4500
005 - DATE AND TIME OF LATEST TRANSACTION
control field 20251201120956.0
008 - FIXED-LENGTH DATA ELEMENTS--GENERAL INFORMATION
fixed length control field 251201b |||||||| |||| 00| 0 eng d
020 ## - INTERNATIONAL STANDARD BOOK NUMBER
International Standard Book Number 9781041088691 (hbk)
037 ## - SOURCE OF ACQUISITION
Terms of availability TB
040 ## - CATALOGING SOURCE
Original cataloging agency CRL
Transcribing agency CRL
041 ## - LANGUAGE CODE
Source of code eng
Language code of text/sound track or separate title eng
084 ## - COLON CLASSIFICATION NUMBER
Classification number Y73(P498):(U42) R5
Item number CRL
245 ## - TITLE STATEMENT
Title Tibet in excile:
Remainder of title politics, psychology and culture of the Tibetan diaspora
260 ## - PUBLICATION, DISTRIBUTION, ETC.
Place of publication, distribution, etc. London, UK;
-- New York, USA:
Name of publisher, distributor, etc. Routledge,
Date of publication, distribution, etc. 2025.
300 ## - PHYSICAL DESCRIPTION
Extent xxiii, 216p.
365 ## - TRADE PRICE
Price amount 1295.00
Currency code INR
650 ## - SUBJECT ADDED ENTRY--TOPICAL TERM
Topical term or geographic name entry element Tibetan Diaspora
9 (RLIN) 853676
650 ## - SUBJECT ADDED ENTRY--TOPICAL TERM
Topical term or geographic name entry element Sociology
9 (RLIN) 853677
650 ## - SUBJECT ADDED ENTRY--TOPICAL TERM
Topical term or geographic name entry element Emigration and Immigration
9 (RLIN) 853678
700 ## - ADDED ENTRY--PERSONAL NAME
Personal name Mittal, Shalini
Relator term editor.
9 (RLIN) 853679
700 ## - ADDED ENTRY--PERSONAL NAME
Personal name Anshu, Aditya
Relator term editor.
9 (RLIN) 853680
942 ## - ADDED ENTRY ELEMENTS (KOHA)
Koha item type Textbook
Source of classification or shelving scheme Colon Classification (CC)
Suppress in OPAC No
Classification part Y73(P498):(U42) R5
Holdings
Withdrawn status Lost status Source of classification or shelving scheme Damaged status Not for loan Home library Current library Date acquired Source of acquisition Cost, normal purchase price Inventory number Total Checkouts Full call number Barcode Date last seen Cost, replacement price Price effective from Koha item type
    Colon Classification (CC)     Central Library Central Library 2025-10-14 18/ Bright Book Service 1036.00 2516 & 2025-10-07   Y73(P498):(U42) R5 CL1923969 2025-10-14 1295.00 2025-10-14 Textbook
Copyright @ Delhi University Library System